Wer bist du, Mensch?: Die Antwort der Bibel

Đã lưu trong:
Chi tiết về thư mục
Tác giả chính: Deissler, Alfons (Tác giả)
Định dạng: Sách
Ngôn ngữ:Tiếng Đức
Được phát hành: Friburgo de Brisgovia Herder 1985
Phiên bản:1a. ed
Những chủ đề:
Các nhãn: Thêm thẻ
Không có thẻ, Là người đầu tiên thẻ bản ghi này!

MARC

LEADER 00000cam a2200000 a 4500
001 UCE7889
003 CL-VaPUC
008 150710e19850000gw |||||||||||||||||ger|d
020 |a 3451204002 
082 0 4 |a 233  |b DEI  |2 21 
100 0 |a Deissler, Alfons  |e author  |9 580605 
245 1 0 |a Wer bist du, Mensch?: Die Antwort der Bibel 
250 |a 1a. ed 
300 |a 94 p 
942 |c BK 
945 |d 20150710 13:45:00  |a dcastane 
260 |a Friburgo de Brisgovia  |b Herder  |c 1985 
650 0 |a Antropología cristiana  |9 408739 
650 0 |a Teología   |9 258766 
583 |a last modification  |c 20150710 13:45:00  |k Rodrigo Vera 
999 |c 359875  |d 359873 
952 |0 0  |1 0  |3 erb  |4 0  |6 233_000000000000000_DEI_1985  |7 0  |8 A  |9 469463  |a BIBTEO  |b BIBTEO  |e Casale Rolle, Carlos Ignacio, -2014  |i 5184215  |o 233 DEI 1985  |p 5184215  |r 2025-01-17  |w 2019-11-23  |y BK  |z Catalogado en:20150710  |k ICR